[Event "Matanzas op"]
[Site "Cuba"]
[Date "1997.??.??"]
[Round "1"]
[White "Delgado Ramirez, Neuris"]
[Black "Almeida Quintana, Omar"]
[Result "1/2-1/2"]
[WhiteElo "2305"]
[BlackElo "2320"]
[PlyCount "84"]
[EventDate "1997.??.??"]
[EventType "swiss"]
[EventRounds "7"]
[EventCountry "CUB"]
[SourceTitle "EXT 1999"]
[Source "ChessBase"]
[SourceDate "1998.11.16"]
[SourceVersion "1"]
[SourceVersionDate "1998.11.16"]
[SourceQuality "1"]

1. e4 c5 2. Nf3 e6 3. c3 Nf6 4. e5 Nd5 5. d4 cxd4 6. cxd4 d6 7. a3 Nc6 8. Bd3
Qc7 9. O-O dxe5 10. dxe5 Nxe5 11. Nxe5 Qxe5 12. Bb5+ Bd7 13. Bxd7+ Kxd7 14. Re1
Qd6 15. Qf3 Ke8 16. Nd2 Be7 17. Ne4 Qd7 18. Qg3 Kf8 19. b4 f6 20. Qf3 h6 21.
Bb2 Kf7 22. Rad1 Rhe8 23. Rd3 Bd8 24. Nc5 Qc6 25. Qh5+ Kf8 26. Qg4 e5 27. Nd7+
Kg8 28. Rc1 Qb5 29. Nc5 h5 30. Qe4 Nf4 31. Rd2 Qc6 32. Qxc6 bxc6 33. Nb7 Bb6
34. g3 Ne6 35. Rxc6 Bd4 36. Kg2 Bxb2 37. Rxb2 Nd4 38. Rd6 Rec8 39. Nc5 Rab8 40.
Ne6 Nf5 41. Ra6 Rb6 42. Nc5 Nd4 1/2-1/2

[Event "Matanzas op"]
[Site "Cuba"]
[Date "1997.??.??"]
[Round "3"]
[White "Abreu Delgado, Aryam"]
[Black "Delgado Ramirez, Neuris"]
[Result "1/2-1/2"]
[WhiteElo "2425"]
[BlackElo "2305"]
[PlyCount "90"]
[EventDate "1997.??.??"]
[EventType "swiss"]
[EventRounds "7"]
[EventCountry "CUB"]
[SourceTitle "EXT 1999"]
[Source "ChessBase"]
[SourceDate "1998.11.16"]
[SourceVersion "1"]
[SourceVersionDate "1998.11.16"]
[SourceQuality "1"]

1. e4 c5 2. Nf3 Nc6 3. Bb5 g6 4. Bxc6 dxc6 5. h3 e5 6. d3 f6 7. a4 a5 8. Be3 b6
9. Nbd2 g5 10. Nc4 Be6 11. Nfd2 Ne7 12. h4 g4 13. h5 Nc8 14. b3 Nd6 15. Nxd6+
Qxd6 16. Nc4 Qc7 17. Qe2 Rg8 18. Nd2 Qf7 19. Nf1 O-O-O 20. Ng3 Kb7 21. Rb1 f5
22. exf5 Bxf5 23. O-O Qd7 24. Rfe1 Bd6 25. Bd2 Rde8 26. Bc3 Qf7 27. Qd2 Re6 28.
Re2 h6 29. Rbe1 Rge8 30. Re3 e4 31. dxe4 Bxg3 32. Rxg3 Rxe4 33. Rxe4 Rxe4 34.
Qxh6 Re2 35. Qg7 Qxg7 36. Bxg7 Rxc2 37. h6 c4 38. bxc4 Rxc4 39. f3 gxf3 40.
Rxf3 Bc2 41. Rc3 Rxc3 42. Bxc3 Kc8 43. Kf2 b5 44. Ke3 Kd7 45. g4 Ke6 1/2-1/2

[Event "Matanzas op"]
[Site "Cuba"]
[Date "1997.??.??"]
[Round "4"]
[White "Delgado Ramirez, Neuris"]
[Black "Vazquez Igarza, Renier"]
[Result "0-1"]
[WhiteElo "2305"]
[BlackElo "2360"]
[PlyCount "76"]
[EventDate "1997.??.??"]
[EventType "swiss"]
[EventRounds "7"]
[EventCountry "CUB"]
[SourceTitle "EXT 1999"]
[Source "ChessBase"]
[SourceDate "1998.11.16"]
[SourceVersion "1"]
[SourceVersionDate "1998.11.16"]
[SourceQuality "1"]

1. c4 g6 2. Nc3 Bg7 3. g3 Nf6 4. Bg2 O-O 5. d3 c6 6. Nf3 d5 7. cxd5 cxd5 8. O-O
Nc6 9. Bg5 h6 10. Bxf6 Bxf6 11. Qd2 Bg7 12. d4 Bg4 13. e3 Rc8 14. h3 Bf5 15.
Nh4 Be6 16. f4 g5 17. Nf3 f6 18. Rac1 Bf7 19. g4 e6 20. Qf2 Qd6 21. Qd2 Bg6 22.
Nb5 Qb8 23. Nc3 Ne7 24. Ne2 Rxc1 25. Rxc1 Nc8 26. h4 Nd6 27. hxg5 hxg5 28. fxg5
Ne4 29. Qe1 fxg5 30. Nd2 Nf2 31. Rc3 Nxg4 32. Ng3 Rf2 33. Ndf1 Qf8 34. Qd1
Rxg2+ 35. Kxg2 Qf2+ 36. Kh3 Nh6 37. Nh2 Bf5+ 38. Nxf5 exf5 0-1

[Event "Matanzas op"]
[Site "Cuba"]
[Date "1997.??.??"]
[Round "6"]
[White "Delgado Ramirez, Neuris"]
[Black "Gonzalez Vidal, Yuri"]
[Result "1-0"]
[WhiteElo "2305"]
[BlackElo "2295"]
[PlyCount "53"]
[EventDate "1997.??.??"]
[EventType "swiss"]
[EventRounds "7"]
[EventCountry "CUB"]
[SourceTitle "EXT 1999"]
[Source "ChessBase"]
[SourceDate "1998.11.16"]
[SourceVersion "1"]
[SourceVersionDate "1998.11.16"]
[SourceQuality "1"]

1. e4 c5 2. Nf3 d6 3. c3 Nf6 4. Bb5+ Bd7 5. Bxd7+ Qxd7 6. d3 e6 7. O-O Be7 8.
Qe2 O-O 9. Nbd2 Nc6 10. Rd1 Rac8 11. Nf1 b6 12. Ng3 Qb7 13. h3 b5 14. Nh2 b4
15. Ng4 bxc3 16. bxc3 Kh8 17. d4 cxd4 18. cxd4 d5 19. Nxf6 Bxf6 20. e5 Be7 21.
Nh5 f5 22. exf6 Bxf6 23. Nxf6 Rxf6 24. Ba3 Na5 25. Rab1 Qd7 26. Qb5 Nc6 27.
Rdc1 1-0

[Event "Matanzas op"]
[Site "Cuba"]
[Date "1997.??.??"]
[Round "7"]
[White "Perez Rodriguez, Luis Manuel"]
[Black "Delgado Ramirez, Neuris"]
[Result "1/2-1/2"]
[WhiteElo "2290"]
[BlackElo "2305"]
[PlyCount "53"]
[EventDate "1997.??.??"]
[EventType "swiss"]
[EventRounds "7"]
[EventCountry "CUB"]
[SourceTitle "EXT 1999"]
[Source "ChessBase"]
[SourceDate "1998.11.16"]
[SourceVersion "1"]
[SourceVersionDate "1998.11.16"]
[SourceQuality "1"]

1. e4 e5 2. Nf3 Nf6 3. d4 exd4 4. e5 Ne4 5. Qxd4 d5 6. exd6 Nxd6 7. Bd3 Nc6 8.
Qf4 Be7 9. Nc3 Be6 10. Be3 Bf6 11. O-O O-O 12. Rad1 Qc8 13. Ne4 Nxe4 14. Qxe4
g6 15. Nd4 Bxd4 16. Bxd4 Bf5 17. Qh4 Nxd4 18. Qxd4 Bxd3 19. Rxd3 Rd8 20. Qxd8+
Qxd8 21. Rxd8+ Rxd8 22. Re1 Rd2 23. Rc1 Kg7 24. Kf1 Kf6 25. Ke1 Rd6 26. Rd1
Rxd1+ 27. Kxd1 1/2-1/2

[Event "CUB-ch U18"]
[Site "Matanzas"]
[Date "1998.??.??"]
[Round "4"]
[White "Gonzalez Vidal, Yuri"]
[Black "Delgado Ramirez, Neuris"]
[Result "1/2-1/2"]
[WhiteElo "2350"]
[BlackElo "2295"]
[PlyCount "104"]
[EventDate "1998.??.??"]
[EventType "tourn"]
[EventRounds "11"]
[EventCountry "CUB"]
[SourceTitle "EXT 2002"]
[Source "ChessBase"]
[SourceDate "2001.11.25"]
[SourceVersion "1"]
[SourceVersionDate "2001.11.25"]
[SourceQuality "1"]

1. e4 e5 2. Nf3 Nf6 3. Nxe5 d6 4. Nf3 Nxe4 5. d4 d5 6. Bd3 Be7 7. O-O Nc6 8. c4
Nf6 9. Nc3 O-O 10. h3 Be6 11. cxd5 Nxd5 12. Re1 Bf6 13. Be3 Ncb4 14. Be4 c6 15.
a3 Nxe3 16. fxe3 Nd5 17. Na4 g6 18. Nc5 Bc8 19. Bc2 Bg7 20. Bb3 b6 21. Nd3 Bb7
22. e4 Nc7 23. Nde5 Qe7 24. Qc1 Ne6 25. Qc4 b5 26. Qd3 Rad8 27. Bxe6 Qxe6 28.
Qc3 a6 29. b4 h6 30. Rad1 Kh7 31. Nd3 Bc8 32. Nc5 Qd6 33. Rd2 Rfe8 34. e5 Qd5
35. Rde2 Re7 36. Kf2 Be6 37. Nxa6 Ra7 38. Nc5 Rda8 39. Ra1 Bf8 40. Nxe6 Qxe6
41. Rc2 Ra6 42. Kg1 R8a7 43. Nd2 f6 44. exf6 Rf7 45. Nf3 Qxf6 46. Ne5 Bg7 47.
Rac1 Rfa7 48. Nxc6 Rxa3 49. Qc5 Rf7 50. Qxb5 Qf4 51. Qe2 Bxd4+ 52. Nxd4 Qxd4+
1/2-1/2

[Event "CUB-ch U18"]
[Site "Matanzas"]
[Date "1998.??.??"]
[Round "5"]
[White "Delgado Ramirez, Neuris"]
[Black "Bruzon Batista, Lazaro"]
[Result "1/2-1/2"]
[WhiteElo "2295"]
[BlackElo "2325"]
[PlyCount "85"]
[EventDate "1998.??.??"]
[EventType "tourn"]
[EventRounds "11"]
[EventCountry "CUB"]
[SourceTitle "EXT 2002"]
[Source "ChessBase"]
[SourceDate "2001.11.25"]
[SourceVersion "1"]
[SourceVersionDate "2001.11.25"]
[SourceQuality "1"]

1. e4 c5 2. Nf3 e6 3. c3 d5 4. exd5 exd5 5. d4 Nc6 6. Be3 cxd4 7. Nxd4 Nf6 8.
Be2 Bd6 9. Nd2 O-O 10. h3 Re8 11. O-O a6 12. N2f3 Bc7 13. Re1 Rxe3 14. fxe3 Qd6
15. Bf1 Ne4 16. Re2 Qg6 17. g4 h5 18. Rg2 hxg4 19. hxg4 Ng3 20. Nh2 Bd7 21. Qf3
Ne4 22. Nxc6 bxc6 23. Bd3 Re8 24. Rd1 Bb6 25. Qf4 Qf6 26. Qxf6 Nxf6 27. Kf1 a5
28. Re1 Bxe3 29. Rge2 Bf4 30. Rxe8+ Bxe8 31. Nf3 Kf8 32. g5 Ng4 33. Ke2 f6 34.
gxf6 Nxf6 35. Nd4 Kf7 36. Bf5 g6 37. Be6+ Kg7 38. Kf3 Bd6 39. Rg1 Kf8 40. Bh3
Ne4 41. Ke3 Ke7 42. Bf1 c5 43. Nf3 1/2-1/2

[Event "CUB-ch U18"]
[Site "Matanzas"]
[Date "1998.??.??"]
[Round "6"]
[White "Fernandez Rodriguez, Angel Luis"]
[Black "Delgado Ramirez, Neuris"]
[Result "0-1"]
[WhiteElo "2140"]
[BlackElo "2295"]
[PlyCount "86"]
[EventDate "1998.??.??"]
[EventType "tourn"]
[EventRounds "11"]
[EventCountry "CUB"]
[SourceTitle "EXT 2002"]
[Source "ChessBase"]
[SourceDate "2001.11.25"]
[SourceVersion "1"]
[SourceVersionDate "2001.11.25"]
[SourceQuality "1"]

1. e4 c5 2. d3 Nc6 3. g3 g6 4. Bg2 Bg7 5. f4 d6 6. Nf3 e6 7. c3 Nge7 8. Be3 O-O
9. O-O b6 10. d4 Bb7 11. dxc5 dxc5 12. Qc2 Qc7 13. Na3 Na5 14. Rfd1 a6 15. Nd2
Rad8 16. Nac4 Nac6 17. e5 Nf5 18. Bf2 b5 19. Ne3 Na5 20. Ne4 Nxe3 21. Bxe3 Nc4
22. Bf2 Bxe4 23. Bxe4 Rfe8 24. a4 Bf8 25. axb5 axb5 26. b3 Nb6 27. Qe2 c4 28.
Qe3 Nd5 29. Bxd5 exd5 30. b4 Rd7 31. Qf3 Qc6 32. Bd4 Bg7 33. Ra5 f6 34. exf6
Bxf6 35. Bxf6 Qxf6 36. Rxb5 d4 37. Rc5 d3 38. Qc6 Qf7 39. Rxc4 Qe7 40. Qa4 Qe3+
41. Kg2 Qe2+ 42. Kg1 d2 43. Rd4 Rxd4 0-1

[Event "CUB-ch U18"]
[Site "Matanzas"]
[Date "1998.??.??"]
[Round "7"]
[White "Delgado Ramirez, Neuris"]
[Black "Olivera, Yosvany"]
[Result "1/2-1/2"]
[WhiteElo "2295"]
[BlackElo "2060"]
[PlyCount "94"]
[EventDate "1998.??.??"]
[EventType "tourn"]
[EventRounds "11"]
[EventCountry "CUB"]
[SourceTitle "EXT 2002"]
[Source "ChessBase"]
[SourceDate "2001.11.25"]
[SourceVersion "1"]
[SourceVersionDate "2001.11.25"]
[SourceQuality "1"]

1. e4 e5 2. Nf3 Nc6 3. Bb5 Nf6 4. Qe2 Be7 5. O-O d6 6. c3 O-O 7. Rd1 Bd7 8. d4
a6 9. Bc4 Bg4 10. h3 Bh5 11. d5 Nb8 12. Nbd2 Nbd7 13. Nf1 Bg6 14. Ng3 Nh5 15.
Nxh5 Bxh5 16. g4 Bg6 17. Bd3 a5 18. Kg2 a4 19. Be3 h6 20. b4 Nf6 21. Nd2 Nh7
22. c4 c5 23. bxc5 dxc5 24. Rab1 b6 25. Rb5 Qd6 26. Rdb1 Bd8 27. a3 Nf6 28. Rf1
Nd7 29. Nb1 Bc7 30. Nc3 f5 31. f3 Nf6 32. Rbb1 f4 33. Bg1 h5 34. g5 Nh7 35. h4
Ra6 36. Kf2 Rfa8 37. Ke1 Be8 38. Kd2 Nf8 39. Bf2 Ng6 40. Rfd1 Qd7 41. Qf1 Ne7
42. Qh1 g6 43. Kc2 Nc8 44. Bf1 Nd6 45. Nb5 Qd8 46. Nxd6 Bxd6 47. Bh3 Rb8
1/2-1/2

[Event "Cespedes Memorial"]
[Site "Cuba"]
[Date "1998.??.??"]
[Round "?"]
[White "Bruzon Batista, Lazaro"]
[Black "Delgado Ramirez, Neuris"]
[Result "1-0"]
[WhiteElo "2325"]
[BlackElo "2295"]
[PlyCount "77"]
[EventDate "1998.??.??"]
[EventType "tourn"]
[EventRounds "11"]
[EventCountry "CUB"]
[SourceTitle "EXT 2003"]
[Source "ChessBase"]
[SourceDate "2002.11.25"]
[SourceVersion "1"]
[SourceVersionDate "2002.11.25"]
[SourceQuality "1"]

1. e4 c5 2. Nc3 Nc6 3. Nf3 d6 4. d4 cxd4 5. Nxd4 Nf6 6. Bg5 e6 7. Qd2 Be7 8.
O-O-O Nxd4 9. Qxd4 O-O 10. f3 a6 11. h4 Qa5 12. Kb1 b5 13. a3 Rd8 14. g4 Rb8
15. Bd2 Qc7 16. g5 Nh5 17. Bh3 d5 18. Ne2 Bb7 19. e5 Rbc8 20. Rc1 Qc4 21. Qd3
d4 22. Bg4 g6 23. Bxh5 gxh5 24. Rh3 Qxd3 25. cxd3 Rxc1+ 26. Kxc1 Rd5 27. f4 Rd7
28. Bb4 Bxb4 29. axb4 Bg2 30. Rg3 Bf1 31. Ng1 Kg7 32. Kd2 Rc7 33. Nf3 Kg6 34.
Nh2 Kf5 35. Nxf1 Kxf4 36. Rg1 Kf3 37. Ng3 Kf2 38. Ne2 Rd7 39. Re1 1-0

[Event "Cespedes Memorial"]
[Site "Cuba"]
[Date "1998.??.??"]
[Round "?"]
[White "Delgado Ramirez, Neuris"]
[Black "Acosta, Alejandro"]
[Result "1-0"]
[WhiteElo "2295"]
[BlackElo "2340"]
[PlyCount "73"]
[EventDate "1998.??.??"]
[EventType "tourn"]
[EventRounds "11"]
[EventCountry "CUB"]
[SourceTitle "EXT 2003"]
[Source "ChessBase"]
[SourceDate "2002.11.25"]
[SourceVersion "1"]
[SourceVersionDate "2002.11.25"]
[SourceQuality "1"]

1. e4 c5 2. Nf3 d6 3. Bc4 Nf6 4. d3 e6 5. Bb3 Be7 6. O-O O-O 7. Qe2 d5 8. Rd1
b6 9. c3 Ba6 10. e5 Nfd7 11. Bf4 Nc6 12. Nbd2 Rb8 13. Bc2 Qc8 14. a3 Bb7 15.
Rac1 a5 16. d4 Ba6 17. Qe3 Re8 18. Nf1 b5 19. Ng5 h6 20. Nh3 Bf8 21. Qg3 Kh8
22. Ne3 Qd8 23. Ng5 Qe7 24. Ng4 b4 25. Nh7 bxc3 26. Bg5 cxb2 27. Rb1 f6 28.
exf6 gxf6 29. Nhxf6 Bg7 30. Qh4 Rf8 31. Nxh6 Nxf6 32. Nf5+ Kg8 33. Nxe7+ Nxe7
34. dxc5 Bc4 35. Qg3 Rb7 36. Qd6 d4 37. c6 1-0

[Event "Cespedes Memorial"]
[Site "Cuba"]
[Date "1998.??.??"]
[Round "?"]
[White "Perea, Osmany"]
[Black "Delgado Ramirez, Neuris"]
[Result "0-1"]
[WhiteElo "2320"]
[BlackElo "2295"]
[PlyCount "50"]
[EventDate "1998.??.??"]
[EventType "tourn"]
[EventRounds "11"]
[EventCountry "CUB"]
[SourceTitle "EXT 2003"]
[Source "ChessBase"]
[SourceDate "2002.11.25"]
[SourceVersion "1"]
[SourceVersionDate "2002.11.25"]
[SourceQuality "1"]

1. e4 c5 2. Nf3 a6 3. c4 Nc6 4. d4 cxd4 5. Nxd4 Nf6 6. Nc3 d6 7. Be2 e6 8. O-O
Be7 9. Be3 O-O 10. Qd2 Bd7 11. Rfd1 Rc8 12. f3 Qc7 13. Rac1 Qb8 14. Nxc6 Bxc6
15. a4 b6 16. b4 Ba8 17. a5 d5 18. exd5 Bxb4 19. dxe6 bxa5 20. exf7+ Rxf7 21.
Qa2 Qe5 22. Bd4 Bc5 23. Bxc5 Qxc5+ 24. Kh1 Ng4 25. fxg4 Bxg2+ 0-1

[Event "CUB-ch"]
[Site "Santa Clara"]
[Date "1999.??.??"]
[Round "?"]
[White "Almeida Quintana, Omar"]
[Black "Delgado Ramirez, Neuris"]
[Result "1/2-1/2"]
[WhiteElo "2344"]
[BlackElo "2417"]
[PlyCount "25"]
[EventDate "1999.??.??"]
[EventType "tourn"]
[EventRounds "15"]
[EventCountry "CUB"]
[EventCategory "8"]
[SourceTitle "EXT 2003"]
[Source "ChessBase"]
[SourceDate "2002.11.25"]
[SourceVersion "1"]
[SourceVersionDate "2002.11.25"]
[SourceQuality "1"]

1. e4 e6 2. d4 b6 3. Nf3 Bb7 4. Bd3 c5 5. c3 Nf6 6. Qe2 Be7 7. O-O d6 8. Nbd2
cxd4 9. cxd4 Nc6 10. a3 O-O 11. b4 a6 12. Bb2 b5 13. Rfe1 1/2-1/2

[Event "CUB-ch"]
[Site "Santa Clara"]
[Date "1999.??.??"]
[Round "?"]
[White "Becerra Rivero, Julio"]
[Black "Delgado Ramirez, Neuris"]
[Result "1/2-1/2"]
[WhiteElo "2535"]
[BlackElo "2417"]
[PlyCount "120"]
[EventDate "1999.??.??"]
[EventType "tourn"]
[EventRounds "15"]
[EventCountry "CUB"]
[EventCategory "8"]
[SourceTitle "EXT 2003"]
[Source "ChessBase"]
[SourceDate "2002.11.25"]
[SourceVersion "1"]
[SourceVersionDate "2002.11.25"]
[SourceQuality "1"]

1. e4 c5 2. Nf3 d6 3. d4 cxd4 4. Nxd4 Nf6 5. Nc3 Nc6 6. Bg5 Bd7 7. Qd2 e6 8.
Ndb5 Qa5 9. Bxf6 gxf6 10. Nxd6+ Bxd6 11. Qxd6 O-O-O 12. Bd3 Rhg8 13. g3 Ne5 14.
O-O-O Bc6 15. Qe7 Ng4 16. Qxf7 Nxf2 17. Qxe6+ Kb8 18. Qxf6 Rgf8 19. Qh6 Nxh1
20. Rxh1 Qe5 21. Kb1 Rf3 22. a3 a6 23. Re1 Rd7 24. g4 Ka7 25. Qd2 Rdf7 26. Be2
Rd7 27. Bd3 Rdf7 28. g5 Rh3 29. Bc4 Rff3 30. Re2 Rf1+ 31. Re1 Rxe1+ 32. Qxe1
Qxh2 33. Ka2 Qg3 34. Qd2 Qe3 35. Qd6 Rh5 36. g6 hxg6 37. Qxg6 Rc5 38. Bb3 Re5
39. Bd5 Qc5 40. Bb3 Re7 41. Nd5 Bxd5 42. exd5 Re1 43. Qf6 Rd1 44. c4 Rd4 45.
Qf3 a5 46. Qg3 Re4 47. Qd3 Rd4 48. Qf3 Ka8 49. Kb1 Ka7 50. Qf5 a4 51. Bxa4 Qxc4
52. Bc2 Rxd5 53. Qf2+ Rd4 54. Bb3 Qc5 55. Qc2 Qxc2+ 56. Kxc2 b5 57. Kc3 Rf4 58.
Bc2 Rc4+ 59. Kd2 Kb6 60. b4 Rg4 1/2-1/2

[Event "CUB-ch"]
[Site "Santa Clara"]
[Date "1999.??.??"]
[Round "?"]
[White "Bruzon Batista, Lazaro"]
[Black "Delgado Ramirez, Neuris"]
[Result "0-1"]
[WhiteElo "2488"]
[BlackElo "2417"]
[PlyCount "106"]
[EventDate "1999.??.??"]
[EventType "tourn"]
[EventRounds "15"]
[EventCountry "CUB"]
[EventCategory "8"]
[SourceTitle "EXT 2003"]
[Source "ChessBase"]
[SourceDate "2002.11.25"]
[SourceVersion "1"]
[SourceVersionDate "2002.11.25"]
[SourceQuality "1"]

1. e4 c5 2. Nf3 Nc6 3. Nc3 d6 4. d4 cxd4 5. Nxd4 Nf6 6. f3 e6 7. Be3 Be7 8. Qd2
a6 9. O-O-O O-O 10. g4 Nxd4 11. Bxd4 b5 12. g5 Nd7 13. h4 b4 14. Ne2 Qa5 15.
Kb1 Ne5 16. Qe3 Nc4 17. Qd3 e5 18. Bf2 Be6 19. Nc1 Rfc8 20. Nb3 Qc7 21. Bh3 a5
22. Bxe6 fxe6 23. Nc5 Nxb2 24. Kxb2 dxc5 25. Qc4 Qc6 26. Bg3 Rf8 27. Rhf1 Rad8
28. Rxd8 Rxd8 29. Bxe5 a4 30. f4 a3+ 31. Kb1 Qd7 32. Rc1 Bd6 33. Rd1 Qe7 34.
Kc1 Kf7 35. Bxd6 Rxd6 36. Rd3 Rxd3 37. cxd3 Kg6 38. e5 Kh5 39. f5 exf5 40. e6
b3 41. axb3 Qd6 42. d4 Qf4+ 43. Kb1 Qd2 44. Qc2 a2+ 45. Qxa2 Qd1+ 46. Kb2 Qxd4+
47. Ka3 Qe3 48. Qb2 c4 49. Kb4 Qxe6 50. Kc5 Qe7+ 51. Kc6 f4 52. b4 f3 53. b5
Qe4+ 0-1

[Event "CUB-ch"]
[Site "Santa Clara"]
[Date "1999.??.??"]
[Round "?"]
[White "De la Paz Perdomo, Frank"]
[Black "Delgado Ramirez, Neuris"]
[Result "0-1"]
[WhiteElo "2495"]
[BlackElo "2417"]
[PlyCount "56"]
[EventDate "1999.??.??"]
[EventType "tourn"]
[EventRounds "15"]
[EventCountry "CUB"]
[EventCategory "8"]
[SourceTitle "EXT 2003"]
[Source "ChessBase"]
[SourceDate "2002.11.25"]
[SourceVersion "1"]
[SourceVersionDate "2002.11.25"]
[SourceQuality "1"]

1. e4 e5 2. Bc4 Nf6 3. d3 Bc5 4. Nf3 d6 5. c3 Nc6 6. b4 Bb6 7. O-O h6 8. a4 a6
9. Nbd2 O-O 10. Bb3 Ne7 11. Nc4 Ba7 12. Re1 Ng6 13. d4 exd4 14. Nxd4 Bg4 15.
Qc2 Re8 16. f3 c5 17. Ne2 d5 18. Rd1 Qc7 19. Ne3 c4 20. Ba2 Bd7 21. Nd4 dxe4
22. Bxc4 Ne5 23. Nd5 Qd8 24. Bb3 exf3 25. Kh1 Bg4 26. gxf3 Nxf3 27. Nf5 Nxd5
28. Bxh6 Ne1 0-1

[Event "CUB-ch"]
[Site "Santa Clara"]
[Date "1999.??.??"]
[Round "?"]
[White "Delgado Ramirez, Neuris"]
[Black "Abreu Delgado, Aryam"]
[Result "0-1"]
[WhiteElo "2417"]
[BlackElo "2410"]
[PlyCount "66"]
[EventDate "1999.??.??"]
[EventType "tourn"]
[EventRounds "15"]
[EventCountry "CUB"]
[EventCategory "8"]
[SourceTitle "EXT 2003"]
[Source "ChessBase"]
[SourceDate "2002.11.25"]
[SourceVersion "1"]
[SourceVersionDate "2002.11.25"]
[SourceQuality "1"]

1. e4 c5 2. Nf3 d6 3. d4 cxd4 4. Nxd4 Nf6 5. Nc3 a6 6. f3 Nc6 7. Be3 d5 8. exd5
Nb4 9. Bc4 Nbxd5 10. Nxd5 Nxd5 11. Nb3 Be6 12. Bxd5 Bxd5 13. Qd4 Rc8 14. O-O e6
15. Rac1 Rc4 16. Qd2 Bd6 17. Qf2 Qc7 18. g3 b5 19. Bb6 Qc8 20. Qd2 O-O 21. Bd4
Rd8 22. c3 Ra4 23. Qg5 Bf8 24. Ra1 h6 25. Qe3 b4 26. Nc5 Rxa2 27. cxb4 Rxa1 28.
Rxa1 Bxf3 29. Rf1 Ba8 30. Qf4 Qc6 31. Kf2 e5 32. Bxe5 Bxc5+ 33. Ke1 Bxb4+ 0-1

[Event "CUB-ch"]
[Site "Santa Clara"]
[Date "1999.??.??"]
[Round "?"]
[White "Delgado Ramirez, Neuris"]
[Black "Arencibia Rodriguez, Walter"]
[Result "1/2-1/2"]
[WhiteElo "2417"]
[BlackElo "2520"]
[PlyCount "22"]
[EventDate "1999.??.??"]
[EventType "tourn"]
[EventRounds "15"]
[EventCountry "CUB"]
[EventCategory "8"]
[SourceTitle "EXT 2003"]
[Source "ChessBase"]
[SourceDate "2002.11.25"]
[SourceVersion "1"]
[SourceVersionDate "2002.11.25"]
[SourceQuality "1"]

1. e4 e5 2. Nf3 Nc6 3. Bb5 a6 4. Ba4 Nf6 5. Qe2 d6 6. c3 Bd7 7. O-O g6 8. h3
Bg7 9. d4 Qe7 10. d5 Nb8 11. Bxd7+ Nbxd7 1/2-1/2

[Event "CUB-ch"]
[Site "Santa Clara"]
[Date "1999.??.??"]
[Round "?"]
[White "Delgado Ramirez, Neuris"]
[Black "Dominguez Perez, Leinier"]
[Result "1/2-1/2"]
[WhiteElo "2417"]
[BlackElo "2479"]
[PlyCount "35"]
[EventDate "1999.??.??"]
[EventType "tourn"]
[EventRounds "15"]
[EventCountry "CUB"]
[EventCategory "8"]
[SourceTitle "EXT 2003"]
[Source "ChessBase"]
[SourceDate "2002.11.25"]
[SourceVersion "1"]
[SourceVersionDate "2002.11.25"]
[SourceQuality "1"]

1. e4 c5 2. Nf3 d6 3. c3 Nf6 4. Be2 Nbd7 5. d3 b6 6. O-O Bb7 7. Nbd2 g6 8. Re1
Bg7 9. Bf1 e5 10. Nc4 Qc7 11. d4 O-O 12. dxc5 dxc5 13. Nd6 Rfd8 14. Nxb7 Qxb7
15. Bc4 Nf8 16. Qe2 Qc7 17. Bg5 h6 18. Bxf6 1/2-1/2

[Event "CUB-ch"]
[Site "Santa Clara"]
[Date "1999.??.??"]
[Round "?"]
[White "Delgado Ramirez, Neuris"]
[Black "Gonzalez, Renier"]
[Result "1-0"]
[WhiteElo "2417"]
[BlackElo "2408"]
[PlyCount "75"]
[EventDate "1999.??.??"]
[EventType "tourn"]
[EventRounds "15"]
[EventCountry "CUB"]
[EventCategory "8"]
[SourceTitle "EXT 2003"]
[Source "ChessBase"]
[SourceDate "2002.11.25"]
[SourceVersion "1"]
[SourceVersionDate "2002.11.25"]
[SourceQuality "1"]

1. e4 d5 2. exd5 Qxd5 3. Nc3 Qd8 4. d4 Nf6 5. Nf3 Bg4 6. Be2 e6 7. h3 Bh5 8.
O-O c6 9. Be3 Nbd7 10. Ne5 Bxe2 11. Qxe2 Bd6 12. Bg5 Qc7 13. Rae1 O-O 14. f4
Nd5 15. Ne4 f6 16. Nxd6 Qxd6 17. Nc4 Qe7 18. Bh4 Rfe8 19. Kh1 b5 20. Ne5 Qd6
21. c4 Nc7 22. Rd1 Nf8 23. Bxf6 gxf6 24. Qg4+ Ng6 25. Nxg6 f5 26. Qg3 hxg6 27.
Qxg6+ Kh8 28. Qh6+ Kg8 29. Rd3 Rf8 30. Qg6+ Kh8 31. Qh5+ Kg7 32. Rg3+ Kf6 33.
Qh7 Rg8 34. Rxg8 Rxg8 35. Qxg8 bxc4 36. Rf3 Ke7 37. Qg7+ Kd8 38. Qe5 1-0

[Event "CUB-ch"]
[Site "Santa Clara"]
[Date "1999.??.??"]
[Round "?"]
[White "Delgado Ramirez, Neuris"]
[Black "Herrera, Irisberto"]
[Result "1/2-1/2"]
[WhiteElo "2417"]
[BlackElo "2450"]
[PlyCount "69"]
[EventDate "1999.??.??"]
[EventType "tourn"]
[EventRounds "15"]
[EventCountry "CUB"]
[EventCategory "8"]
[SourceTitle "EXT 2003"]
[Source "ChessBase"]
[SourceDate "2002.11.25"]
[SourceVersion "1"]
[SourceVersionDate "2002.11.25"]
[SourceQuality "1"]

1. e4 c5 2. Nf3 d6 3. Bc4 Nf6 4. d3 e6 5. Bb3 Nc6 6. c3 d5 7. e5 Nd7 8. d4 Be7
9. O-O b5 10. Bf4 Bb7 11. dxc5 Nxc5 12. Bc2 a5 13. Nd4 Qb6 14. Nd2 b4 15. Nxc6
Bxc6 16. Qg4 g6 17. Bg5 Bxg5 18. Qxg5 O-O 19. h4 bxc3 20. bxc3 Qd8 21. Qe3 Nd7
22. Nf3 Qe7 23. Rfe1 Rfc8 24. h5 Nf8 25. Rad1 Be8 26. Rd4 Rc7 27. c4 Rac8 28.
Nd2 Rc5 29. Bd3 a4 30. f4 Bc6 31. cxd5 Bxd5 32. Rxa4 Rc3 33. Nb1 R3c5 34. Nd2
Rc3 35. Nb1 1/2-1/2

[Event "CUB-ch"]
[Site "Santa Clara"]
[Date "1999.??.??"]
[Round "?"]
[White "Delgado Ramirez, Neuris"]
[Black "Perez Garcia, Rodney Oscar"]
[Result "0-1"]
[WhiteElo "2417"]
[BlackElo "2406"]
[PlyCount "48"]
[EventDate "1999.??.??"]
[EventType "tourn"]
[EventRounds "15"]
[EventCountry "CUB"]
[EventCategory "8"]
[SourceTitle "EXT 2003"]
[Source "ChessBase"]
[SourceDate "2002.11.25"]
[SourceVersion "1"]
[SourceVersionDate "2002.11.25"]
[SourceQuality "1"]

1. e4 e5 2. Nf3 Nc6 3. Bb5 Bc5 4. c3 f5 5. d4 fxe4 6. Nxe5 Nxe5 7. Qh5+ Nf7 8.
dxc5 Nf6 9. Qe2 O-O 10. Be3 d5 11. cxd6 Nxd6 12. Nd2 Bg4 13. f3 Nxb5 14. Qxb5
exf3 15. O-O Qd5 16. Qxd5+ Nxd5 17. Bd4 fxg2 18. Kxg2 b6 19. Kg3 Bh5 20. Rxf8+
Rxf8 21. Rf1 Rd8 22. Re1 c5 23. Be5 Ne7 24. Bf4 Rd3+ 0-1